LEADER 01078nam0-2200349---450- 001 990008396100403321 005 20140915114744.0 010 $a88-7078-704-4 035 $a000839610 035 $aFED01000839610 035 $a(Aleph)000839610FED01 035 $a000839610 100 $a20061010d2001----km-y0itay50------ba 101 0 $aita 102 $aIT 105 $ay---a---001yy 200 1 $a<>terapia narrata dalle famiglie$euna prospettiva di ricerca intergenerazionale$fMaurizio Andolfi, Claudio Angelo, Paola D'Atena 210 $aMilano$cCortina$d2001 215 $aXVIII, 292 p.$d24 cm 225 1 $aPsicoterapia con la famiglia 610 0 $aFamiglia$aPsicoterapia 676 $a616.89156 700 1$aAndolfi,$bMaurizio$0223810 701 1$aAngelo,$bClaudio$0501473 701 1$aD'Atena$bPaola$f<1944- >$0436812 801 0$aIT$bUNINA$c20061010$gRICA$2UNIMARC 901 $aBK 912 $a990008396100403321 952 $aP.1 PS 403$bBibl. 54404$fFLFBC 959 $aFLFBC 996 $aTerapia narrata dalle famiglie$9725552 997 $aUNINA LEADER 04521nam 2200769 450 001 9910822426203321 005 20200917021826.0 010 $a3-11-047472-7 010 $a3-11-047570-7 024 7 $a10.1515/9783110475708 035 $a(CKB)3710000000628192 035 $a(SSID)ssj0001628080 035 $a(PQKBManifestationID)16357156 035 $a(PQKBTitleCode)TC0001628080 035 $a(PQKBWorkID)14918166 035 $a(PQKB)10898971 035 $a(PQKBManifestationID)16370450 035 $a(PQKB)24935357 035 $a(MiAaPQ)EBC4451870 035 $a(DE-B1597)463902 035 $a(OCoLC)950964956 035 $a(OCoLC)979602260 035 $a(DE-B1597)9783110475708 035 $a(Au-PeEL)EBL4451870 035 $a(CaPaEBR)ebr11172307 035 $a(CaONFJC)MIL904081 035 $a(OCoLC)945037954 035 $a(PPN)202114325 035 $a(EXLCZ)993710000000628192 100 $a20160329h20162016 uy 0 101 0 $ager 135 $aurcnu|||||||| 181 $ctxt 182 $cc 183 $acr 200 00$aPseudoantike skulptur I $eFallstudien zu antiken Skulpturen und ihren Imitationen /$fherausgegeben von Sascha Kansteiner 210 1$aBerlin, [Germany] :$cDe Gruyter,$d2016. 210 4$d©2016 215 $a1 online resource (198 pages) 225 1 $aTransformationen der Antike,$x1864-5208 ;$v45 300 $aBibliographic Level Mode of Issuance: Monograph 311 $a3-11-047571-5 311 $a3-11-047452-2 320 $aIncludes bibliographical references. 327 $tFrontmatter -- $tVorwort -- $tInhalt -- $tEinleitung -- $tSimone Bianco: Venezianische Skulptur zwischen Antikenbegeisterung und Antikenfälschung / $rKryza-Gersch, Claudia -- $tTeil-Imitationen antiker Statuen: Apollon Typus Centocelle und Silen Orsini / $rKansteiner, Sascha -- $t,Pseudomoderne' Athleten / $rRausa, Federico -- $tNachgemachte griechische Porträts: Demosthenes auf dem Altar und Chrysipp / $rVoutiras, Emmanuel -- $tDie römische Porträtforschung und der Fall des sogenannten Ottaviano Giovinetto im Vatikan. Die Authentizitätsdiskussion als Spiegel des Methodenwandels / $rLorenz, Katharina -- $tDas "Museo Torlonia" von Pietro Ercole und Carlo Lodovico Visconti / $rGasparri, Carlo -- $tPseudoantike Sarkophage. Zum Phänomen der Überarbeitung antiker Sarkophage / $rGoette, Hans Rupprecht -- $tAbgekürzt zitierte Literatur -- $tAbbildungsnachweise -- $tMuseographisches Register -- $tTafelteil 330 $aDie Beschäftigung mit antiker Skulptur hat immer wieder dazu angeregt, antikisierende Bildwerke herzustellen. Etliche dieser Transformationen sind im Rahmen der wissenschaftlichen Beschäftigung mit antiker und nachantiker Skulptur irrtümlich in der Antike verortet worden und daher Gegenstand eines Teilprojektes des SFB 644 (Humboldt-Universität Berlin). Ein Kolloquium, das der SFB im Oktober 2014 ausgerichtet hat, bot die Gelegenheit, die Argumente, die für die Unterscheidung zwischen antiken und vermeintlich antiken Skulpturen(-teilen) ins Feld geführt werden, zusammenzutragen und auf ihre Tragfähigkeit zu prüfen. Die Beispiele aus der Porträt-, Ideal- und Reliefplastik, die während des Kolloquiums diskutiert wurden, liegen nunmehr in dem Band Pseudoantike Skulptur I vor. Zeitversetzt werden die Ergebnisse der Untersuchungen, die im Teilprojekt B 10 angestellt worden sind, in einer Monographie mit dem Titel Pseudoantike Skulptur II präsentiert. Im Vordergrund steht dort die für die Bewertung der Bildhauerkunst der Antike zentrale Frage nach dem Einfluss von Imitationen antiker Skulpturen auf die Beurteilung von klassizistischen Neuschöpfungen aus der römischen Kaiserzeit. 410 0$aTransformationen der Antike ;$v45. 606 $aSculpture, Classical$vCongresses 606 $aSculpture, Classical$xAppreciation$vCongresses 606 $aSculpture, Classical$xForgeries$vCongresses 610 $aSculpture. 610 $aantiquity / reception. 610 $aforgery. 615 0$aSculpture, Classical 615 0$aSculpture, Classical$xAppreciation 615 0$aSculpture, Classical$xForgeries 676 $a733 702 $aKansteiner$b Sascha 712 02$aSonderforschungsbereich Transformationen der Antike. 712 12$aPseudoantike Skulptur (Colloquium) 801 0$bMiAaPQ 801 1$bMiAaPQ 801 2$bMiAaPQ 906 $aBOOK 912 $a9910822426203321 996 $aPseudoantike skulptur I$92637249 997 $aUNINA LEADER 02255nam 2200505 a 450 001 9910563167603321 005 20250513223436.0 024 7 $a10.3726/b12358 035 $a(CKB)4340000000238603 035 $a(WaSeSS)Ind00077076 035 $a(oapen)https://directory.doabooks.org/handle/20.500.12854/27178 035 $a(oapen)doab27178 035 $a(EXLCZ)994340000000238603 100 $a20131002d1996|||| || | 101 0 $ager 135 $aur||||||||||| 181 $ctxt$2rdacontent 182 $cc$2rdamedia 183 $acr$2rdacarrier 200 10$aA. S. Pus?kins Versepik $eAutoren-Ich und Erzählstruktur /$fKarla Hielscher 210 $aMunich, Germany $cVerlag Otto Sagner$dc1996 215 $a1 online resource (169 p.) 225 1 $aSlavistische Beitra?ge ;$vBand 22 311 08$a3-95479-377-6 330 $aMit einem Titel wie "Die Rolle des Erza?hlers" oder "Die Bedeutung der Autorengestalt" stellt man sich mitten hinein in die Auseinandersetzung, die seit la?ngerer Zeit die literaturtheoretische Diskussion um Fragen des epischen Erza?hlens bestimmt. In diesem Sinne als Methode, als ein Mittel, dem Versta?ndnis von Pus?kins Werk na?herzukommen, wird das Problem in dieser Arbeit verstanden. Nicht als theoretische Frage, die Aufschluss u?ber die Struktur des epischen Erza?hlens an sich gibt, interessiert hier die Autorengestalt, sondern als Untersuchungsmethode, als ein allzu wenig begangener Weg zum besseren Versta?ndnis der Verserza?hlungen Pus?kins. Der Hauptakzent liegt also auf der konkreten Analyse der einzelnen Werke, nicht auf der theoretischen Darstellung. 410 0$aSlavistische Beitra?ge ;$vBand 22. 606 $alinguistics$2bicssc 610 $aAutoren 610 $aErzählstruktur 610 $aHielscher 610 $aLiteraturtheorie 610 $aLiteraturwissenschaft 610 $aPu?kins 610 $aRussland 610 $aSlavische Sprachwissenschaft 610 $aVersepik 610 $aVerserzählung 615 7$alinguistics 700 $aGu?nther-Hielscher$b Karla$0212534 801 0$bWaSeSS 801 1$bWaSeSS 906 $aBOOK 912 $a9910563167603321 996 $aA. S. Pus?kins Versepik$92835757 997 $aUNINA LEADER 05626nam 22006495 450 001 9910584481803321 005 20251113174429.0 010 $a3-662-65167-X 024 7 $a10.1007/978-3-662-65167-4 035 $a(MiAaPQ)EBC7045784 035 $a(Au-PeEL)EBL7045784 035 $a(CKB)24266033700041 035 $a(PPN)26389780X 035 $a(MiAaPQ)EBC7263248 035 $a(OCoLC)1337159452 035 $a(DE-He213)978-3-662-65167-4 035 $a(EXLCZ)9924266033700041 100 $a20220715d2022 u| 0 101 0 $aeng 135 $aurcnu|||||||| 181 $ctxt$2rdacontent 182 $cc$2rdamedia 183 $acr$2rdacarrier 200 10$aData Warehouse Systems $eDesign and Implementation /$fby Alejandro Vaisman, Esteban Zimányi 205 $a2nd ed. 2022. 210 1$aBerlin, Heidelberg :$cSpringer Berlin Heidelberg :$cImprint: Springer,$d2022. 215 $a1 online resource (713 pages) 225 1 $aData-Centric Systems and Applications,$x2197-974X 311 08$aPrint version: Vaisman, Alejandro Data Warehouse Systems Berlin, Heidelberg : Springer Berlin / Heidelberg,c2022 9783662651667 320 $aIncludes bibliographical references (pages 647-665) and index. 327 $aPart I: Fundamental Concepts -- 1. Introduction -- 2. Database Concepts -- 3. Data Warehouse Concepts -- 4. Conceptual Data Warehouse Design -- 5. Logical Data Warehouse Design -- 6. Data Analysis in Data Warehouses -- 7. Data Analysis in the Northwind Data Warehouse -- Part II: Implementation and Deployment -- 9. Physical Data Warehouse Design -- 9. Extraction, Transformation, and Loading -- 10. A Method for Data Warehouse Design -- Part III: Advanced Topics -- 11. Temporal and Multiversion Data Warehouses -- 12. Spatial and Mobility Data Warehouses -- 13. Graph Data Warehouses -- 14. Semantic Web Data Warehouses -- 15. Recent Developments in Big Data Warehouses. 330 $aWith this textbook, Vaisman and Zimányi deliver excellent coverage of data warehousing and business intelligence technologies ranging from the most basic principles to recent findings and applications. To this end, their work is structured into three parts. Part I describes ?Fundamental Concepts? including conceptual and logical data warehouse design, as well as querying using MDX, DAX and SQL/OLAP. This part also covers data analytics using Power BI and Analysis Services. Part II details ?Implementation and Deployment,? including physical design, ETL and data warehouse design methodologies. Part III covers ?Advanced Topics? and it is almost completely new in this second edition. This part includes chapters with an in-depth coverage of temporal, spatial, and mobility data warehousing. Graph data warehouses are also covered in detail using Neo4j. The last chapter extensively studies big data management and the usage of Hadoop, Spark, distributed, in-memory, columnar, NoSQL and NewSQLdatabase systems, and data lakes in the context of analytical data processing. As a key characteristic of the book, most of the topics are presented and illustrated using application tools. Specifically, a case study based on the well-known Northwind database illustrates how the concepts presented in the book can be implemented using Microsoft Analysis Services and Power BI. All chapters have been revised and updated to the latest versions of the software tools used. KPIs and Dashboards are now also developed using DAX and Power BI, and the chapter on ETL has been expanded with the implementation of ETL processes in PostgreSQL. Review questions and exercises complement each chapter to support comprehensive student learning. Supplemental material to assist instructors using this book as a course text is available online and includes electronic versions of the figures, solutions to all exercises, and a set of slides accompanying each chapter. Overall, students, practitioners and researchers alike will find this book the most comprehensive reference work on data warehouses, with key topics described in a clear and educational style. ?I can only invite you to dive into the contents of the book, feeling certain that once you have completed its reading (or maybe, targeted parts of it), you will join me in expressing our gratitude to Alejandro and Esteban, for providing such a comprehensive textbook for the field of data warehousing in the first place, and for keeping it up to date with the recent developments, in this current second edition.? From the foreword by Panos Vassiliadis, University of Ioannina, Greece. 410 0$aData-Centric Systems and Applications,$x2197-974X 606 $aDatabase management 606 $aInformation storage and retrieval systems 606 $aInformation technology$xManagement 606 $aDatabase Management 606 $aInformation Storage and Retrieval 606 $aBusiness IT Infrastructure 606 $aComputer Application in Administrative Data Processing 615 0$aDatabase management. 615 0$aInformation storage and retrieval systems. 615 0$aInformation technology$xManagement. 615 14$aDatabase Management. 615 24$aInformation Storage and Retrieval. 615 24$aBusiness IT Infrastructure. 615 24$aComputer Application in Administrative Data Processing. 676 $a658.40380285574 700 $aVaisman$b Alejandro$0859921 702 $aZima?nyi$b Esteban 801 0$bMiAaPQ 801 1$bMiAaPQ 801 2$bMiAaPQ 906 $aBOOK 912 $a9910584481803321 996 $aData Warehouse Systems$91918835 997 $aUNINA